Tratado de Química Orgánica /

Na minha lista:
Detalhes bibliográficos
Autor principal: García Junco, M. (autor)
Formato: Livro
Idioma:espanhol
Publicado em: México : Porrúa, 1941
Assuntos:
Tags: Adicionar Tag
Sem tags, seja o primeiro a adicionar uma tag!

MARC

LEADER 00000nam^a2200000^a^4500
001 000014041
005 20260310000000.0
009 20260407165801.804
037 |a Acervo ITESO - Biblioteca 
041 |a ESP 
082 |a 547.  |b GAR 
100 |a García Junco, M.  |e (autor) 
245 1 0 |a Tratado de Química Orgánica /  |c J.M. García. 
264 1 |a México :  |b Porrúa,  |c 1941 
300 |a 558 p. 
336 |a texto  |b txt  |2 rdacontenido 
337 |a sin mediación  |b n  |2 rdamedio 
338 |a volumen  |b nc  |2 rdasoporte 
649 |a XX 
650 |a Química Orgánica 
910 |a Fondo General 
920 |a Impresos - Libros 
930 |a Colección General 
905 |a 101 
901 |a 0140410100  |b IT1  |c ACC  |d BD  |i 014041  |u 20260310 
902 |a https://opac.biblio.iteso.mx/vufind/Record/000014041